Constitutional Law of India (Record no. 1312600)
[ view plain ]
| 000 -LEADER | |
|---|---|
| fixed length control field | 00503nam a2200193Ia 4500 |
| 005 - DATE AND TIME OF LATEST TRANSACTION | |
| control field | 20250623160649.0 |
| 008 - FIXED-LENGTH DATA ELEMENTS--GENERAL INFORMATION | |
| fixed length control field | 008 250505s9999 xx 000 0 eng d |
| 020 ## - INTERNATIONAL STANDARD BOOK NUMBER | |
| International Standard Book Number | 9788194776529 |
| 040 ## - CATALOGING SOURCE | |
| Language of cataloging | eng |
| Transcribing agency | ILCL |
| 041 ## - LANGUAGE CODE | |
| Language code of text/sound track or separate title | eng |
| Source of code | eng |
| 084 ## - COLON CLASSIFICATION NUMBER | |
| Classification number | V2:2:Z N1 |
| 100 ## - MAIN ENTRY--PERSONAL NAME | |
| Personal name | Seervai, H M |
| 245 #0 - TITLE STATEMENT | |
| Title | Constitutional Law of India |
| 250 ## - EDITION STATEMENT | |
| Edition statement | 4 |
| 260 ## - PUBLICATION, DISTRIBUTION, ETC. | |
| Place of publication, distribution, etc. | Delhi |
| Name of publisher, distributor, etc. | Law and Justice Publishing Company |
| Date of publication, distribution, etc. | 2024 |
| 300 ## - PHYSICAL DESCRIPTION | |
| Extent | lxxiii,967p. |
| 490 ## - SERIES STATEMENT | |
| Volume/sequential designation | 1,2,3 |
| 942 ## - ADDED ENTRY ELEMENTS (KOHA) | |
| Koha item type | Textbook |
| Source of classification or shelving scheme | |
| 999 ## - | |
| -- | 1312600 |
| -- | 1312600 |
| Withdrawn status | Lost status | Source of classification or shelving scheme | Damaged status | Not for loan | Home library | Current library | Date acquired | Source of acquisition | Cost, normal purchase price | Inventory number | Total checkouts | Full call number | Barcode | Date last seen | Price effective from | Koha item type |
|---|---|---|---|---|---|---|---|---|---|---|---|---|---|---|---|---|
| Colon Classification (CC) | Integrated Law Course library | Integrated Law Course library | 2024-06-26 | Singhal Publications | 5995.00 | 2535 dt.26-06-2024 | V2:2:Z N1.1 | IL1863760 | 2025-05-06 | 2025-05-06 | Textbook | |||||
| Colon Classification (CC) | Integrated Law Course library | Integrated Law Course library | 2026-06-26 | Singhal Publications | 5995.00 | 2535 dt.26-06-2024 | V2:2:Z N1.2 | IL1863761 | 2025-05-06 | 2025-05-06 | Textbook | |||||
| Colon Classification (CC) | Integrated Law Course library | Integrated Law Course library | 2024-06-26 | Singhal Publications | 5995.00 | 2535 dt.26-06-2024 | V2:2:Z N1.3 | IL1863762 | 2025-05-06 | 2025-05-06 | Textbook | |||||
| Colon Classification (CC) | Integrated Law Course library | Integrated Law Course library | 2025-03-03 | Singhal Publications | 5995.00 | 2718 dt. 03-03-2025 | V2:2:Z N1.1 | IL1864621 | 2025-06-23 | 2025-06-23 | Textbook | |||||
| Colon Classification (CC) | Integrated Law Course library | Integrated Law Course library | 2025-03-03 | Singhal Publications | 5995.00 | 2718 dt. 03-03-2025 | V2:2:Z N1.2 | IL1864622 | 2025-06-23 | 2025-06-23 | Textbook | |||||
| Colon Classification (CC) | Integrated Law Course library | Integrated Law Course library | 2025-03-03 | Singhal Publications | 5995.00 | 2718 dt. 03-03-2025 | V2:2:Z N1.3 | IL1864623 | 2025-06-23 | 2025-06-23 | Textbook |
